BSOP header

萬世救恩──從聖經看救恩真義 The everlasting salvation {ch} / (Record no. 7762)

MARC details
000 -LEADER
fixed length control field 00670nam a2200181 4500
008 - FIXED-LENGTH DATA ELEMENTS--GENERAL INFORMATION
fixed length control field 020227s1999 -hk chiYA
020 ## - INTERNATIONAL STANDARD BOOK NUMBER
International Standard Book Number 9622445551
090 ## - LOCALLY ASSIGNED LC-TYPE CALL NUMBER (OCLC); LOCAL CALL NUMBER (OCLC)
Classification number (OCLC) (R) ; Classification number, CALL (RLIN) (NR) BT751.2/C36
100 1# - MAIN ENTRY--PERSONAL NAME
Personal name 陳終道 Chan, Stephen C. T.
245 10 - TITLE STATEMENT
Title 萬世救恩──從聖經看救恩真義 The everlasting salvation {ch} /
Statement of responsibility, etc 陳終道 Stephen C. T. Chan.
260 ## - PUBLICATION, DISTRIBUTION, ETC. (IMPRINT)
Place of publication, distribution, etc Hongkong :
Name of publisher, distributor, etc 宣道出版社 China Alliance Press,
Date of publication, distribution, etc c1999.
300 ## - PHYSICAL DESCRIPTION
Extent 301 p.
490 1# - SERIES STATEMENT
Series statement 專題研經系列 Topical study series
650 #4 - SUBJECT ADDED ENTRY--TOPICAL TERM
Topical term or geographic name as entry element Assurance (Theology){ch}.
650 #4 - SUBJECT ADDED ENTRY--TOPICAL TERM
Topical term or geographic name as entry element Salvation{ch}.
951 ## - EQUIVALENCE OR CROSS-REFERENCE-GEOGRAPHIC NAME/AREA NAME [OBSOLETE] [CAN/MARC only]
General subdivision 00027987
951 ## - EQUIVALENCE OR CROSS-REFERENCE-GEOGRAPHIC NAME/AREA NAME [OBSOLETE] [CAN/MARC only]
-- C-3991
-- BT751.2/C36
-- 070613111048421
-- 2000-12-21
-- CH
Holdings
Withdrawn status Lost status Damaged status Not for loan Home library Current library Shelving location Date acquired Accession number Shelving control number Total Checkouts Full call number Barcode Date last seen Price effective from Koha item type
        BSOP Library BSOP Library Chinese Books (General Circulation) 12/21/2000 C-3991 127   BT751.2/C36 00027987 02/23/2013 02/23/2013 Books
BSOP

Biblical Seminary of the Philippines
  All rights Reserved
  © 2024

CONTACT INFORMATION

Biblical Seminary of the Philippines,
  77-B Karuhatan Road, Valenzuela City,
  PHILIPPINES 1441
  Phone: +632 8292-6795 / 8292-6798
  Fax : +632 8292-6675
  Email: library@bsop.edu.ph